Statistics for Taylor Swift - I Knew You Were Trouble Lyrics

Click here to take the quiz!

General Stats

  • This quiz has been taken 223 times
    (204 since last reset)
  • The average score is 345 of 401

Answer Stats

Answer% Correct
I
99%
knew
99%
Trouble
99%
trouble
99%
were
99%
You
99%
you
99%
in
98%
me
98%
me-
98%
on
98%
when
98%
A
96%
a
96%
walked
96%
oh
94%
Oh
94%
shame
92%
the
92%
be
91%
to
91%
never
90%
been
89%
e
89%
e-
89%
No
89%
places
89%
And
88%
and
88%
he
87%
He
87%
So
86%
now
84%
Now
84%
your
84%
down
81%
I'm
81%
Once
81%
that
81%
That
81%
was
81%
is
80%
time
80%
cold
79%
few
79%
found
79%
ground
79%
hard
79%
mistakes
79%
upon
79%
ago
77%
I'd
77%
lying
77%
'Cause
76%
yeah
76%
took
75%
blame
74%
long
74%
realize
73%
Flew
72%
gone
72%
guess
72%
alone
71%
back
70%
put
70%
see-
70%
see
70%
care
69%
got
69%
her
68%
anyone
67%
anything
67%
didn't
67%
liked
67%
step
67%
You're
67%
you're
67%
cry
66%
loved
66%
Or
66%
or
66%
without
66%
Without
66%
joke
65%
know
65%
next
65%
'Til
64%
fell
63%
he's
62%
I'll
61%
sights
61%
why
61%
Comes
59%
drowning
59%
drowning-
59%
creeping
57%
reason
57%
met
55%
saddest
55%
all
54%
fear
52%
doesn't
51%
new
50%
apologies
49%
ever
49%
moved
45%
Pretends
45%
street
45%
heard
43%
he'll
43%
whispers
43%
belt
42%
notch
41%
hey
40%
from
39%
ing
39%
ing-
39%

Score Distribution

Percentile by Number Answered

Percent of People with Each Score

Your Score History

You have not taken this quiz since the last reset